[Event "FRA-ch U18/14 Online"]
[Site "Europe Echecs INT"]
[Date "2020.07.11"]
[Round "1"]
[White "Buffin, Jean"]
[Black "Razafindratsima, Timothe"]
[Result "0-1"]
[WhiteElo "1711"]
[BlackElo "2336"]
[PlyCount "56"]
[EventDate "2020.07.11"]
[EventType "swiss (blitz)"]
[EventRounds "9"]
[EventCountry "FRA"]
[SourceTitle "EXT 2021"]
[Source "ChessBase"]
[SourceDate "2020.10.23"]
[SourceVersion "1"]
[SourceVersionDate "2020.10.23"]
[SourceQuality "1"]

1. d4 d5 2. c4 dxc4 3. Nf3 Nf6 4. Nc3 a6 5. a4 e6 6. e4 Bb4 7. Qc2 0-0 8. Bxc4 c5 9. Be3 cxd4 10. Nxd4 Qc7 11. Bd3 e5 12. Nf3 Bg4 13. Nd2 Nc6 14. f3 Be6 15. 0-0 Nd4 16. Bxd4 exd4 17. e5 dxc3 18. exf6 Qc5+ 19. Kh1 cxd2 20. fxg7 Kxg7 21. Bxh7 Qxc2 22. Bxc2 Rac8 23. Be4 Bb3 24. Bxb7 Rc7 25. Bxa6 d1Q 26. Raxd1 Bxd1 27. Rxd1 Rd8 28. Rxd8 Rc1+ 0-1

[Event "FRA-ch Blitz Online Qual"]
[Site "Europe Echecs INT"]
[Date "2020.05.16"]
[Round "3"]
[White "Ferey, Antonin"]
[Black "Buffin, Jean"]
[Result "1-0"]
[WhiteElo "2138"]
[BlackElo "1711"]
[PlyCount "75"]
[EventDate "2020.05.16"]
[EventType "swiss (blitz)"]
[EventRounds "15"]
[EventCountry "FRA"]
[SourceTitle "CBM 196 Extra"]
[Source "ChessBase"]
[SourceDate "2020.07.31"]
[SourceVersion "1"]
[SourceVersionDate "2020.07.31"]
[SourceQuality "1"]

1. d4 d5 2. c4 e6 3. Nf3 Nf6 4. Nc3 Be7 5. Bg5 Nbd7 6. e3 0-0 7. Qc2 b6 8. cxd5 exd5 9. Bd3 h6 10. Bf4 Bb7 11. g4 Ne4 12. Nxe4 dxe4 13. Bxe4 Bxe4 14. Qxe4 c5 15. h4 Nf6 16. Qf5 cxd4 17. Nxd4 Bb4+ 18. Kf1 Nd5 19. g5 Nxf4 20. Qxf4 Qd5 21. Kg1 Bd6 22. Qf5 Qxf5 23. Nxf5 Be5 24. gxh6 gxh6 25. Nxh6+ Kh7 26. Nf5 Rg8+ 27. Kf1 Bxb2 28. Rd1 Rg6 29. Rd7 Rf6 30. Nd6 Rf8 31. Ne4 Rf5 32. Ng5+ Kh6 33. Rxa7 Rc5 34. Rxf7 Rd8 35. Rb7 Rc1+ 36. Kg2 Rc2 37. Nf7+ Kg6 38. Nxd8 1-0

[Event "FRA-ch Blitz Online Qual"]
[Site "Europe Echecs INT"]
[Date "2020.05.16"]
[Round "5"]
[White "Le Brech, Cyril"]
[Black "Buffin, Jean"]
[Result "1-0"]
[WhiteElo "1986"]
[BlackElo "1711"]
[PlyCount "61"]
[EventDate "2020.05.16"]
[EventType "swiss (blitz)"]
[EventRounds "15"]
[EventCountry "FRA"]
[SourceTitle "CBM 196 Extra"]
[Source "ChessBase"]
[SourceDate "2020.07.31"]
[SourceVersion "1"]
[SourceVersionDate "2020.07.31"]
[SourceQuality "1"]

1. e4 e5 2. f4 exf4 3. Bc4 Ne7 4. d4 d5 5. exd5 Nxd5 6. Nf3 Be7 7. 0-0 0-0 8. Nc3 Ne3 9. Bxe3 fxe3 10. Qd3 c5 11. d5 a6 12. a4 Bg4 13. Qxe3 Nd7 14. Rae1 Bf6 15. Qf4 Bxf3 16. Rxf3 Qb6 17. b3 Qb4 18. Qd2 Bd4+ 19. Kh1 Ne5 20. Rh3 Nxc4 21. bxc4 Rae8 22. Rf1 Qxc4 23. Rb1 b5 24. axb5 axb5 25. Nxb5 Rb8 26. Rhb3 Qxd5 27. c3 c4 28. Rb4 f5 29. Qxd4 Qxd4 30. Nxd4 Rfe8 31. Rxb8 1-0